000
00297nam a22001337a 4500
008
180315b xxu||||| |||| 00| 0 eng d
020
_a
1285197267
041
_a
eng
080
_2
7 ed
_a
591
100
_a
7
101
_a
zoo
245
_a
essentials of ecology
_c
miller.g.t
942
_2
udc
_c
BK
999
_c
45111
_d
45111